| 000 | 00359nam a2200157Ia 4500 | ||
|---|---|---|---|
| 005 | 20250425161253.0 | ||
| 008 | 250425s9999 xx 000 0 und d | ||
| 041 | _aspa | ||
| 082 | _aIBM4381 | ||
| 245 | 0 | _aLA CONGREGACION DE TLACOTEPEC 1604-1606 | |
| 250 | _aS.E. | ||
| 260 | _aS.L. | ||
| 260 |
_aSin Pais _bCIEA _c1984 |
||
| 942 | _c01 | ||
| 010 | _a16561 | ||
| 999 |
_c205836 _d205836 |
||